00359nam a22001217a 4500003000400000020001800004082001800022100002000040245007100060260005900131300001200190650003500202SGT a9781455739035 a617.525bS12O aOrrett E. Ogle  aSurgery of the Nose and Paranasal Sinuses: Principles and Concepts aLondon, United KingdombElsevier Health Sciencesc2012 a155-324 aOral and Maxillofacial Surgery